| 000 | 00481nam a2200181Ia 4500 | ||
|---|---|---|---|
| 005 | 20250922103740.0 | ||
| 008 | 231207s9999 xx 000 0 und d | ||
| 020 | _a9780240802923 | ||
| 040 | _cPK-LaNCA | ||
| 082 |
_a780 _bSOI |
||
| 100 | _aSoifer, Rosanne | ||
| 245 | 0 |
_aMusic in video production _cRosanne Soifer |
|
| 260 |
_bFocal Press _aWoburn _c1997 |
||
| 300 | _aix, 153p | ||
| 546 | _aEnglish | ||
| 650 | _aCompusition(Music)., Video and Music., Music | ||
| 942 | _cMUSIC | ||
| 999 |
_c13105 _d13105 |
||